|
|
|
|
| LEADER |
01546nam a2200457 i 4500 |
| 001 |
nkc20223458673 |
| 003 |
CZ PrNK |
| 005 |
20221020072724.0 |
| 007 |
ta |
| 008 |
221003s2022 xr g 000 f cze |
| 015 |
|
|
|a cnb003458673
|
| 020 |
|
|
|a 978-80-7625-239-4
|q (brožováno) :
|c Kč 349,00
|
| 035 |
|
|
|a (OCoLC)1350560425
|
| 040 |
|
|
|a OLA001
|b cze
|d BOA001
|e rda
|
| 041 |
1 |
|
|a cze
|h eng
|
| 072 |
|
7 |
|a 821.111(73)-3
|x Americká próza
|2 Konspekt
|9 25
|
| 080 |
|
|
|a 821.111(73)-31
|2 MRF
|
| 080 |
|
|
|a (0:82-312.5)
|2 MRF
|
| 100 |
1 |
|
|a Layne, Lauren
|7 xx0271865
|4 aut
|
| 240 |
1 |
0 |
|a Made in Manhattan.
|l Česky
|
| 245 |
1 |
0 |
|a Láska z Manhattanu, aneb, Jak vyrobit gentlemana /
|c Lauren Layneová ; přeložila Veronika Křemenová
|
| 246 |
3 |
0 |
|a Jak vyrobit gentlemana
|
| 246 |
1 |
8 |
|a Láska z Manhattanu
|
| 250 |
|
|
|a První vydání
|
| 264 |
|
1 |
|a Praha :
|b Metafora,
|c 2022
|
| 300 |
|
|
|a 263 stran ;
|c 21 cm
|
| 336 |
|
|
|a text
|b txt
|2 rdacontent
|
| 337 |
|
|
|a bez média
|b n
|2 rdamedia
|
| 338 |
|
|
|a svazek
|b nc
|2 rdacarrier
|
| 500 |
|
|
|a Přeloženo z angličtiny
|
| 655 |
|
7 |
|a americké romány
|7 fd131796
|2 czenas
|
| 655 |
|
7 |
|a milostné romány
|7 fd132840
|2 czenas
|
| 655 |
|
9 |
|a American fiction
|2 eczenas
|
| 655 |
|
9 |
|a love novels
|2 eczenas
|
| 700 |
1 |
|
|a Křemenová, Veronika
|7 hka2016934697
|4 trl
|
| 910 |
2 |
|
|a BOA001
|b 2-1495.111
|
| 928 |
9 |
|
|a Grada Publishing - Metafora
|
| 990 |
|
|
|a BK
|
| 995 |
|
|
|a 01
|
| 991 |
|
|
|b 202210
|c NOV
|
| 996 |
6 |
|
|b 2610916998
|c 2-1495.111
|l MZK
|r Sklad / do 1 hodiny
|n 1
|p p.v.
|w 001901936
|u 000010
|a 1
|e BOA001
|j MZK50
|s P
|